Quick Pick: Card Games Quiz Stats

Quiz Updated Aug 24, 2016

Challenge
Share
Tweet
Embed
Score 0/12 Timer 01:00
5 Plays Today
% Correct
Up
97.4%
Hold
96.2%
Fish
94.2%
Rummy
94.1%
Eights
92.5%
Maid
92.1%
Doubt
91.9%
Free
91.2%
Ball
91%
Solitaire
87.9%
Bornes
82.1%
Kings
80.4%

Today's Daily Dose

Word Ladder
NHL

Quick Pick
Songs in Green

On This Day
May 24th II

You're not logged in!

Compare scores with friends on all Sporcle quizzes.
Join for Free
OR
Log In

You Might Also Like...

Show Comments

Extras

Top Quizzes Today


Score Distribution

Your Account Isn't Verified!

In order to create a playlist on Sporcle, you need to verify the email address you used during registration. Go to your Sporcle Settings to finish the process.

Report this User

Report this user for behavior that violates our Community Guidelines.

Details: